000 00705cam a2200241 a 4500
008
020 _a0471937320 (pbk.)
049 _aMAIN
090 _aHD30.23
_bMAP.
245 0 0 _aMapping strategic thought /
_cedited by Anne Sigismund Huff.
260 _aChichester :
_bWiley,
_cc1990.
300 _axvii, 426 p. :
_bill. ;
_c24 cm.
500 _aIncludes index.
504 _aIncludes bibliographical references.
650 0 _aStrategic planning.
650 0 _aDecision making.
700 1 _aHuff, Anne Sigismund.
907 _a.b10304435
_b20-08-15
_c08-12-11
003
005 20230123125350.0
040 _cNUST
942 _cBOOKS
_kHD30.23
_mMAP.
999 _c140275
_d140275